Statistics for Stepford County Railway Trains

Click here to take the quiz!

General Stats

  • This quiz has been taken 44 times
    (21 since last reset)
  • The average score is 22 of 38

Answer Stats

OperatorTrain class% Correct
ExpressClass 43
79%
ConnectClass 68
79%
ExpressClass 801
79%
AirlinkClass 802
79%
ConnectClass 158
71%
ConnectClass 170
71%
Connect/AirlinkClass 185
71%
ConnectClass 357
71%
Express/AirlinkClass 397
71%
WaterlineClass 143
64%
Connect/WaterlineClass 195
64%
AirlinkClass 332
64%
ConnectClass 333
64%
AirlinkClass 345
64%
Connect/AirlinkClass 360
64%
Connect/WaterlineClass 730
64%
WaterlineClass 165
57%
WaterlineClass 166
57%
WaterlineClass 171
57%
ExpressClass 220
57%
ConnectClass 350
57%
WaterlineClass 508
57%
ConnectClass 168
50%
ExpressClass 221
50%
ConnectClass 321
50%
ConnectClass 365
50%
ConnectClass 377
50%
ConnectClass 444
50%
ConnectClass 707
50%
WaterlineClass 319
43%
WaterlineClass 379
43%
ConnectClass 458
43%
ConnectClass 717
43%
ConnectClass 720
43%
ConnectClass 331
36%
AirlinkClass 387
36%
ConnectClass 380
29%
AirlinkClass 755
21%

Score Distribution

Percentile by Number Answered

Percent of People with Each Score

Your Score History

You have not taken this quiz since the last reset